000 00930nas a2200313 4500
001 BR0101132
003 BR-BrBNA
005 20231205102109.0
007 ta
008 230509b bl.|||p| |||| 00| 00por d
040 _aBR-BrBNA
_bpor
_cBiblioteca Nacional de Agricultura
041 _a(Pt)
072 _aF50; F06
100 1 _aBassoi, L.H.
100 1 _aFlori, J.E.
100 1 _aAlencar, C.M. de
100 1 _aSilva, J.A.M.
100 1 _aRamos, C.M.
245 1 _aDistribuicao espacial do sistema radicular da pupunheira em solos irrigados no Vale do Sao Francisco
650 _aPupunha
650 _aSistema Radicular
650 _aIrrigacao por Sulco
650 _aSolo Arenoso
650 _aSolo Argiloso
650 _aNordeste
773 0 _tEngenharia Agricola (Brazil)
_xISSN 0100-6916
_g(Dec 1999), v. 19(2) p. 163-176
_wBR0101132
909 _a202311
_bLúcia
_c55
_dLúcia Elande
942 _2AGRIS
_n0
_cANA
999 _c165726
_d165726